Harmonizovaný index spotřebitelských cen: jeho specifika a zkreslení při měření inflace v eurozóně
Problematika metodiky konštrukcie harmonizovaného indexu spotrebiteľských cien. Analýza špecifických požiadaviek zahrnutých v tomto indexe a komponentov, ktoré v indexe zohľadnené nie sú. Možné skreslenia, ku ktorým môže dovhádzať pri meraní inflácie. Genéza indexu, jeho právne východiská, interpret...
Gespeichert in:
| 1. Verfasser: | |
|---|---|
| Format: | Buchkapitel |
| Sprache: | Tschechisch |
| Schlagworte: | |
| Tags: |
Keine Tags, Fügen Sie das erste Tag hinzu!
|
MARC
| LEADER | 00000nla$a2200000$$$4500 | ||
|---|---|---|---|
| 001 | 0077674 | ||
| 005 | 20220801085334.2 | ||
| 041 | 0 | |a cze | |
| 044 | |a CZ | ||
| 245 | 1 | 0 | |a Harmonizovaný index spotřebitelských cen: jeho specifika a zkreslení při měření inflace v eurozóně |c Kateřina Dvoroková |
| 520 | |a Problematika metodiky konštrukcie harmonizovaného indexu spotrebiteľských cien. Analýza špecifických požiadaviek zahrnutých v tomto indexe a komponentov, ktoré v indexe zohľadnené nie sú. Možné skreslenia, ku ktorým môže dovhádzať pri meraní inflácie. Genéza indexu, jeho právne východiská, interpretácia nameraných hodnôt v rokoch 1991-2006 podľa oficiálnych štatistík a identifikácia problematických okruhov v súvislosti s meraním zmien cenovej hladiny v eurozóne. | ||
| 610 | 2 | 0 | |a eurozóna |
| 610 | 2 | 0 | |a Európska centrálna banka |
| 610 | 2 | 0 | |a cielenie inflácie |
| 610 | 2 | 0 | |a stabilita cien |
| 610 | 2 | 0 | |a index cien spotrebiteľských |
| 610 | 2 | 0 | |a harmonizácia |
| 610 | 2 | 0 | |a Európska únia |
| 100 | 1 | |a Dvoroková, Kateřina | |